Հայագիտական ուսումնասիրություններ / (Record no. 520965)
[ view plain ]
| 000 -LEADER | |
|---|---|
| fixed length control field | 01241nam a2200265 u 4500 |
| 003 - CONTROL NUMBER IDENTIFIER | |
| control field | AM-YEHGA |
| 005 - DATE AND TIME OF LATEST TRANSACTION | |
| control field | 20250618080027.0 |
| 008 - FIXED-LENGTH DATA ELEMENTS--GENERAL INFORMATION | |
| fixed length control field | 040518s2004 ai c|||gr|||||000|||arm|| |
| 020 ## - INTERNATIONAL STANDARD BOOK NUMBER | |
| International Standard Book Number | 5808405459 |
| 040 ## - CATALOGING SOURCE | |
| Original cataloging agency | AM-YeHGA |
| 041 1# - LANGUAGE CODE | |
| Language code of text/sound track or separate title | arm |
| Language code of original | ger |
| 001 - CONTROL NUMBER | |
| control field | 277671 |
| 090 ## - LOCALLY ASSIGNED LC-TYPE CALL NUMBER (OCLC); LOCAL CALL NUMBER (RLIN) | |
| -- | 524542 |
| 100 1# - MAIN ENTRY--PERSONAL NAME | |
| Personal name | Հյուբշման, Հայնրիխ |
| 245 10 - TITLE STATEMENT | |
| Title | Հայագիտական ուսումնասիրություններ / |
| Statement of responsibility, etc. | Հ. Հյուբշման ; Գերմ. թարգմ.՝ Մ.Ն. Հարությունյան ; Կազմ. և խմբ.՝ Ռ.Ս. Ղազարյան ; Երևանի Պետ. համալս. |
| 260 ## - PUBLICATION, DISTRIBUTION, ETC. | |
| Place of publication, distribution, etc. | Երևան : |
| Name of publisher, distributor, etc. | Երևանի համալս. հրատ., |
| Date of publication, distribution, etc. | 2004. |
| 300 ## - PHYSICAL DESCRIPTION | |
| Extent | 520 էջ + 1 թ. : |
| Other physical details | դիմանկ. ; |
| Dimensions | 21 սմ. |
| 504 ## - BIBLIOGRAPHY, ETC. NOTE | |
| Bibliography, etc. note | Մատենագիտ.՝ տողատակի ծանոթագր.: Բառացանկ՝ էջ 480-518 |
| 650 14 - SUBJECT ADDED ENTRY--TOPICAL TERM | |
| Topical term or geographic name entry element | Հայագիտություն |
| 9 (RLIN) | 4600 |
| 700 1# - ADDED ENTRY--PERSONAL NAME | |
| Personal name | Հարությունյան, Մ.Ն. |
| Relator term | թարգմ. |
| Relationship | trl |
| 700 1# - ADDED ENTRY--PERSONAL NAME | |
| Personal name | Ղազարյան, Ռուբեն Սերոբի, |
| Dates associated with a name | 1940-2011 |
| Relator term | կազմ., խմբ. |
| Relationship | com |
| -- | edt |
| 9 (RLIN) | 3703 |
| 710 2# - ADDED ENTRY--CORPORATE NAME | |
| Corporate name or jurisdiction name as entry element | Երևանի պետական համալսարան |
| 856 41 - ELECTRONIC LOCATION AND ACCESS | |
| Uniform Resource Identifier | <a href="http://haygirk.nla.am/upload/1941-/hyubshman_2004.pdf">http://haygirk.nla.am/upload/1941-/hyubshman_2004.pdf</a> |
| Link text | Կարդալ առցանց |
| 942 ## - ADDED ENTRY ELEMENTS (KOHA) | |
| Source of classification or shelving scheme | Universal Decimal Classification |
| Koha item type | Գրքեր / Books |
| Withdrawn status | Lost status | Source of classification or shelving scheme | Damaged status | Not for loan | Collection | Home library | Current library | Date acquired | Total checkouts | Full call number | Barcode | Date last seen | Price effective from | Koha item type | Public note |
|---|---|---|---|---|---|---|---|---|---|---|---|---|---|---|---|
| Universal Decimal Classification | General | Fundamental Scientific Library | Fundamental Scientific Library | 25/11/2021 | AII/107933 | FL0665707 | 25/11/2021 | 25/11/2021 | Գրքեր / Books | 30 Days Loan |
ՀՀ Գիտությունների ազգային ակադեմիայի հիմնարար գիտական գրադարան = Fundamental Scientific Library of NAS RA
All site content, except where otherwise noted, is licensed under a